| 000 | 00610nam a22001577a 4500 | ||
|---|---|---|---|
| 003 | OSt | ||
| 005 | 20160331151213.0 | ||
| 008 | 160331b xxu||||| |||| 00| 0 eng d | ||
| 040 | _cRUA | ||
| 082 | _aAGR THO 2011 B472 Or.1 | ||
| 100 |
_98279 _aTHO SREYLEAK; ថូ ស្រីល័ក្ខ |
||
| 245 | _aRice cropping systems in baray district, kampong thom province; ប្រព័ន្ធដាំដុះដំណាំស្រូវ នៅស្រុកបារាយ ខេត្តកំពង់ធំ | ||
| 260 |
_aPhnom Penh _bRUA _c2011 |
||
| 300 |
_axii;55p. _bill. _c29cm. |
||
| 942 |
_2ddc _cAGR |
||
| 999 |
_c7918 _d7918 |
||